000
00285nam a2200121Ia 4500
005
20251222143111.0
008
251222s9999||||xx |||||||||||||| ||spa||
082
_a
869.56/Z47P
100
_a
Zavaleta, Carlos Eduardo
245
0
_a
El Padre del Tigre:
264
_b
Lluvia
942
_c
LIB
999
_c
11159
_d
11159